Teorija mechanizmov i mašin. Sbornik statej.

Uložené v:
Podrobná bibliografia
Médium: Kniha
Jazyk:Slovak
Vydané: 1965.
Tagy: Pridať tag
Žiadne tagy, Buďte prvý kto otaguje tento záznam!

MARC

LEADER 00000nam a22000004a 4500
001 000525606
005 20161026134335.0
008 161026s1965 xo e 000 0 slo d
040 |a SVKKK  |b slo  |c SVKKK  |e AACR2 
245 0 0 |a Teorija mechanizmov i mašin. Sbornik statej. 
260 |c 1965. 
500 |a Záznam revízie 
910 |a svkkk 
998 |a BK 
090 |g SCKHL  |k Sklad  |a X0.6262  |j 027738  |i 525606-10  |4 Zastaraná  |s Vyradená